书目信息 |
| 题名: |
共青团工作入门
|
|
| 作者: | ;黄志坚 编写 ;中央团校青年工作教研室 编 | |
| 分册: | ||
| 出版信息: | 上海 上海人民出版社 1987 |
|
| 页数: | 211页 | |
| 开本: | 19cm | |
| 丛书名: | 新时期团干部必读丛书 | |
| 单 册: | ||
| 中图分类: | D297 | |
| 科图分类: | ||
| 主题词: | 中国共产主义青年团--共青团工作 | |
| 电子资源: | ||
| ISBN: | ||
| 000 | 00841nam2 2200265 45 | |
| 001 | 0187016877 | |
| 005 | 20050630084713.6 | |
| 010 | @dCNY0.99 | |
| 091 | @a7074.341 | |
| 100 | @a19960201d1987 em y0chiy0121 ea | |
| 101 | 0 | @achi |
| 102 | @aCN@b310000 | |
| 105 | @ay z 000yy | |
| 200 | 10 | @a共青团工作入门@Agong qing tuan gong zuo ru men@f中央团校青年工作教研室编@FZhong Yang Tuan Xiao Qing Nian Gong Zuo Jiao Yan Shi Bian@g黄志坚等编写 |
| 210 | @a上海@c上海人民出版社@d1987 | |
| 215 | @a211页@d19cm | |
| 225 | 2 | @a新时期团干部必读丛书 |
| 410 | 0 | @120010@a新时期团干部必读丛书 |
| 606 | @a中国共产主义青年团@x共青团工作 | |
| 690 | @aD297@v3 | |
| 702 | 0 | @a黄志坚@AHuang Zhi Jian@4编写 |
| 711 | 02 | @a中央团校青年工作教研室@4编 |
| 801 | 0 | @aCN@b深圳图书馆@c20040424 |
| 801 | 2 | @aCN@bNLC@c20040424 |
| 905 | @dD297@e15@f1@b256863 | |
| 共青团工作入门/中央团校青年工作教研室编/黄志坚等编写.-上海:上海人民出版社,1987 |
| 211页;19cm.-(新时期团干部必读丛书) |
| ISBN :CNY0.99 |
| ● |
| 相关链接 |
|
|
|
|
正题名:共青团工作入门
索取号:D297/15
 
预约/预借
| 序号 | 登录号 | 条形码 | 馆藏地/架位号 | 状态 | 备注 |
| 1 | 0256863 | 000380965 | 第一样本阅览室/ [索取号:D297/15] | 在馆 | |
| 2 | 0256864 | 000380974 | 第一借阅区/ [索取号:D297/15] | 在馆 | |
| 3 | 0256865 | 000380983 | 第一借阅区/ [索取号:D297/15] | 在馆 |